• 首页
  • 本馆介绍
  • 公告通知
  • 最新文献
  • 馆藏检索
  • 电子资源
  • 读者导购
  • 参考咨询
  • 我的图书馆
  • 登录
  • 详细信息显示
  • 放入我的书架
  • 预约/预借图书
  • 作者相关作品
  • 分类相关作品
  • 丛书相关作品
  • 出版社相关作品

书目信息

  • 表格格式
  • 工作单格式
  • 卡片格式
题名:
世纪之交的工业结构升级
    
 
作者: 江小涓
分册:  
出版信息: 上海   上海远东出版社  1996
页数: 233
开本: 20cm
丛书名: 中国经济发展研究论从
单 册:
中图分类: F42
科图分类:
主题词: 工业经济--中国
电子资源:
ISBN: 7-80613-404-2
000 00613nam0 2200205 450
001 0760515518
005 20070817164835.51
010    @a7-80613-404-2@d¥16.00
100    @a20070817d km y0chiy0120 ea
101 0  @achi
200 1  @a世纪之交的工业结构升级@Ashi ji zhi jiao de gong ye jie gou sheng ji@f江小涓@Fjiang xiao juan
210    @a上海@c上海远东出版社@d1996
215    @a233@d20cm
225 2  @a中国经济发展研究论从
410  0 @12001 @a中国经济发展研究论从
606 0  @a工业经济@x中国
690    @aF42@v3
701  0 @a江小涓@Ajiang xiao juan
801  0 @aCN@bPFT@c20070817
905    @a213230@dF42@eg1@f1
    
    世纪之交的工业结构升级/江小涓.-上海:上海远东出版社,1996
    233;20cm.-(中国经济发展研究论从)
    
    
    ISBN 7-80613-404-2:¥16.00
    
●
相关链接 在E读中查询图书 在五车中查询图书 在当当中查询图书 在豆瓣中查询图书


正题名:世纪之交的工业结构升级     索取号:F42/g1         预约/预借

序号 登录号 条形码 馆藏地/架位号 状态 备注
1 6502226   265022263   密集书库-海洋学院/ [索取号:F42/g1] 在馆    
唐山师范学院图书馆 欢迎您!
大连网信软件有限公司© 版权所有